<?xml version="1.0" encoding="UTF-8"?><?xml-stylesheet type="text/xsl" href="static/style.xsl"?><OAI-PMH xmlns="http://www.openarchives.org/OAI/2.0/" xmlns:xsi="http://www.w3.org/2001/XMLSchema-instance" xsi:schemaLocation="http://www.openarchives.org/OAI/2.0/ http://www.openarchives.org/OAI/2.0/OAI-PMH.xsd"><responseDate>2026-04-17T21:28:18Z</responseDate><request verb="GetRecord" identifier="oai:riubu.ubu.es:10259/10897" metadataPrefix="marc">https://riubu.ubu.es/oai/request</request><GetRecord><record><header><identifier>oai:riubu.ubu.es:10259/10897</identifier><datestamp>2025-09-30T07:40:06Z</datestamp><setSpec>com_10259_9418</setSpec><setSpec>com_10259_5087</setSpec><setSpec>com_10259_2728</setSpec><setSpec>col_10259_9419</setSpec></header><metadata><record xmlns="http://www.loc.gov/MARC21/slim" xmlns:doc="http://www.lyncode.com/xoai" xmlns:xsi="http://www.w3.org/2001/XMLSchema-instance" xmlns:dcterms="http://purl.org/dc/terms/" xsi:schemaLocation="http://www.loc.gov/MARC21/slim http://www.loc.gov/standards/marcxml/schema/MARC21slim.xsd">
<leader>00925njm 22002777a 4500</leader>
<datafield tag="042" ind1=" " ind2=" ">
<subfield code="a">dc</subfield>
</datafield>
<datafield tag="720" ind1=" " ind2=" ">
<subfield code="a">Temiño Rodríguez, Pedro</subfield>
<subfield code="e">author</subfield>
</datafield>
<datafield tag="260" ind1=" " ind2=" ">
<subfield code="c">2022-06</subfield>
</datafield>
<datafield tag="520" ind1=" " ind2=" ">
<subfield code="a">En la industria de hoy en día se utilizan multitud de compuestos que pueden ser&#xd;
perjudiciales para el medio ambiente. Uno de los tipos de compuestos perjudiciales&#xd;
para el medio ambiente son los hidrocarburos. La RAE define hidrocarburo como:&#xd;
“Compuesto resultante de la combinación del carbono con el hidrógeno”.&#xd;
La contaminación del agua mediante hidrocarburos conforma uno de los principales&#xd;
peligros para la vida acuática. Esto se debe a que los hidrocarburos tienen una densidad&#xd;
inferior a la del agua y, por tanto, se acumulan en la superficie, creando una capa&#xd;
superior impermeable. Los dos principales aspectos contaminantes y, por ello, también&#xd;
más importantes son: el hecho de que son un tipo de residuos que aumentan la demanda&#xd;
de oxígeno y los efectos tóxicos que sus componentes generan en el agua (impidiendo&#xd;
la transferencia de luz, la correcta aireación y originando problemas de acumulación&#xd;
dentro de la cadena trófica del ecosistema acuático con el que este en contacto). Por&#xd;
todo ello es necesario evitar que se viertan grandes cantidades de este tipo de residuo.&#xd;
En la planta de Michelin situada en Aranda de Duero se usa como fluido hidráulico de&#xd;
trabajo una emulsión de agua y un aceite hidrosoluble formando una especie de&#xd;
taladrina que recibe el nombre de agua mecánica. El agua mecánica se usa&#xd;
específicamente en la sala de prensas y trabaja dentro de un ciclo cerrado, sin embargo,&#xd;
este circuito tiene pérdidas debido a fugas y purgas del sistema. Es esa pequeña&#xd;
cantidad de agua mecánica que sale del sistema la que puede conllevar un peligro para&#xd;
el medioambiente, concretamente es el aceite presente en la emulsión el que contiene&#xd;
los hidrocarburos. Para evitar sus posibles efectos la planta siempre ha contado con&#xd;
instalaciones diseñadas específicamente para retener la parte aceitosa de la emulsión&#xd;
y, posteriormente, retirarla antes de verter el residuo acuoso a la red municipal de&#xd;
saneamiento.&#xd;
En la actualidad se cuenta con un sistema que, a pesar de conseguir parámetros dentro&#xd;
de la autorización de vertidos de la planta y de la legalidad vigente, en la gran mayoría&#xd;
de las ocasiones, no se adapta totalmente a las necesidades actuales.&#xd;
Por todo ello se ha creado un proyecto en busca de una mejora del sistema de&#xd;
tratamiento del agua mecánica. Este Trabajo Fin de Grado corresponde a la memoria&#xd;
del proyecto desde su fase inicial de compresión de la situación actual hasta la&#xd;
instalación del nuevo sistema de tratamiento consistente en separación mediante una&#xd;
centrifugadora.</subfield>
</datafield>
<datafield tag="520" ind1=" " ind2=" ">
<subfield code="a">In today's industry, many compounds are used that can be harmful to the environment.&#xd;
One of the types of harmful compounds to the environment are the hydrocarbons. The&#xd;
RAE defines hydrocarbon as: “Compound resulting from the combination of carbon&#xd;
with hydrogen”.&#xd;
Water contamination by hydrocarbons is one of the main dangers for aquatic life. This&#xd;
is because hydrocarbons have a lower density than water and therefore accumulate on&#xd;
the surface, creating an impermeable upper layer. The two main polluting aspects and,&#xd;
therefore, also more important are: the fact that they are a type of waste that increases&#xd;
the demand for oxygen and the toxic effects that their components generate in the water&#xd;
(preventing the transfer of light, the correct aeration and causing problems of&#xd;
accumulation within the food chain of the aquatic ecosystem with which it is in&#xd;
contact). For all these reasons, it is necessary to avoid large quantities of this type of&#xd;
waste being dumped.&#xd;
At the Michelin plant located in Aranda de Duero, an emulsion of water and a watersoluble oil is used as the working hydraulic fluid, forming a kind of cutting fluid called&#xd;
mechanical water. The mechanical water is used specifically in the boilers room and&#xd;
works within a closed cycle; however, this circuit has losses due to leaks and system&#xd;
purges. It is that small amount of mechanical water leaving the system the one that can&#xd;
entail a danger to the environment, specifically it is the oil present in the emulsion that&#xd;
contains the hydrocarbons. To avoid its possible effects, the plant has always had&#xd;
facilities specifically designed to retain the oily part of the emulsion and, subsequently,&#xd;
remove it before discharging the aqueous waste into the municipal sanitation network.&#xd;
Currently there is a system that, despite achieving parameters within the discharge&#xd;
authorization of the plant and current legislation, in the vast majority of cases, is not&#xd;
fully adapted to the current needs.&#xd;
For all these reasons, a project has been created in search of an improvement of the&#xd;
mechanical water treatment system. This Final Degree Project corresponds to the&#xd;
memory of the project from its initial phase of understanding the current situation to&#xd;
the installation of the new treatment system consisting of separation through a&#xd;
centrifuge.</subfield>
</datafield>
<datafield tag="024" ind2=" " ind1="8">
<subfield code="a">https://hdl.handle.net/10259/10897</subfield>
</datafield>
<datafield ind1=" " ind2=" " tag="653">
<subfield code="a">Taladrina</subfield>
</datafield>
<datafield ind1=" " ind2=" " tag="653">
<subfield code="a">Agua mecánica</subfield>
</datafield>
<datafield ind1=" " ind2=" " tag="653">
<subfield code="a">Emulsión</subfield>
</datafield>
<datafield ind1=" " ind2=" " tag="653">
<subfield code="a">Hidrocarburo</subfield>
</datafield>
<datafield ind1=" " ind2=" " tag="653">
<subfield code="a">Centrifugadora</subfield>
</datafield>
<datafield ind1=" " ind2=" " tag="653">
<subfield code="a">Cutting fluid</subfield>
</datafield>
<datafield ind1=" " ind2=" " tag="653">
<subfield code="a">Mechanical water</subfield>
</datafield>
<datafield ind1=" " ind2=" " tag="653">
<subfield code="a">Emulsion</subfield>
</datafield>
<datafield ind1=" " ind2=" " tag="653">
<subfield code="a">Hydrocarbon</subfield>
</datafield>
<datafield ind1=" " ind2=" " tag="653">
<subfield code="a">Centrifuge</subfield>
</datafield>
<datafield tag="245" ind1="0" ind2="0">
<subfield code="a">Proyecto para la mejora del sistema de tratamiento de Taladrinas en Michelin Aranda de Duero</subfield>
</datafield>
</record></metadata></record></GetRecord></OAI-PMH>